Victor Book of concertos
Guardat en:
| Autor principal: | |
|---|---|
| Format: | Llibre |
| Idioma: | anglès |
| Publicat: |
Nueva York
Simon and Schuster
1948
|
| Matèries: | |
| Etiquetes: |
Afegir etiqueta
Sense etiquetes, Sigues el primer a etiquetar aquest registre!
|
MARC
| LEADER | 00000nam a2200000 a 4500 | ||
|---|---|---|---|
| 001 | UCW2431 | ||
| 003 | CL-VaPUC | ||
| 008 | 900419e19480000US |||||||||||||||||eng|d | ||
| 082 | 0 | 4 | |a 784.186 |b VEI |2 21 |
| 100 | 0 | |a Veinus, Abraham |e author |9 306558 | |
| 245 | 1 | 0 | |a Victor Book of concertos |
| 300 | |a 450 p | ||
| 942 | |c BK | ||
| 945 | |d 19900419 00:00:00 | ||
| 260 | |a Nueva York |b Simon and Schuster |c 1948 | ||
| 650 | 0 | |a Conciertos |9 306377 | |
| 583 | |a last modification |c 19900419 00:00:00 |k Rodrigo Vera | ||
| 999 | |c 216981 |d 216979 | ||
| 952 | |0 0 |1 0 |4 0 |6 784_186000000000000_VEI_1948 |7 0 |8 A |9 203456 |a BIBEDU |b BIBEDU |d 2019-11-15 |i 2706849 |o 784.186 VEI 1948 |p 2706849 |r 2023-01-12 |w 2019-11-15 |y BK |k MUS | ||